000 01770nam a2200325 a 4500
003 CO-PeBPR
005 20260501073201.0
008 260415e2024 ck a|||| n||| 00| 0 spa c
020 _a9786289563856
040 0 _aCO-PeBPR
_bspa
_cCO-PeBPR
_erda
041 0 _hspa
082 0 4 _a(i) 823 C319a
100 1 _aCarroll, Lewis
_d1832-1898
_eautor
245 1 0 _aAlicia para primeros lectores
_c/ Lewis Carroll ; adaptación de Lizardo Carvajal Hurtado ; ilustraciones de John Tenniel
250 _aEdición especial
264 1 _aBogotá, Colombia
_b: LuaBooks
_c, 2024
300 _a45 páginas
_b: ilustraciones a color
_c22 centímetros
336 _atexto
_btxt
_crdacontenido
337 _asin mediación
_bn
_2rdamedio
338 _avolumen
_bnc
_2rdasoporte
490 _aPlan Nacional de Lectura, Escritura y Oralidad / Ministerio de Cultura, Las Artes y los Saberes.
520 _aMuchos conocen Alicia en el país de las maravillas. Pero muy pocos saben que el propio autor, Lewis Carroll, escribió hace 130 años, una adaptación para niños pequeños a la que llamó Alicia de cuna. edición, bellamente cuidada por LuaBooks acercará ja los niños más pequeños al universo maravilloso de Alicia: para que, después de leerlo, un niño o una niña, se tumbe a la sombra de un árbol, a esperar y ver pasar a un conejo blanco corriendo, con un reloj en la mano: después, cierre los ojos, y piense que ella (o él) es la encantadora Alicia.
650 1 4 _2LEMB
_aNovela infantil inglesa
650 1 4 _2LEMB
_aAmistad en la literatura
650 1 4 _2LEMB
_aAutoconfianza infantil en la literatura
650 1 4 _2LEMB
_aLiteratura infantil inglesa
700 1 _aCarvajal Hurtado, Lizardo
_eadaptador
700 1 _aTenniel, John
_eilustrador
942 _2ddc
_cBKINF
999 _c17831
_d17831